000 00707cam a22002531 4500
001 sa 67003943
003 DLC
005 20260227112342.0
008 890830s1966 ii b 000 0 hino
010 _asa 67003943
035 _a(OCoLC)20281580
040 _aDLC
_cWaU
_dDLC
042 _apremarc
043 _aa-ii---
050 0 0 _aPK2040
_b.N33
100 1 _aNalina, Jayanātha,
_d1912-
245 1 0 _aBhakti-kāvya meṃ mādhurya bhāva kā svarūpa.
260 _c[1966]
300 _a285, [1] p.
_c24 cm.
500 _aIn Hindi.
504 _aBibliography: p. [279]-[286]
650 0 _aHindi poetry
_xHistory and criticism.
650 0 _aHindu devotional literature
_xHistory and criticism.
999 _c74191
_d74191